Lay's line on the RICS (Record no. 80793)

MARC details
000 -LEADER
fixed length control field 01193cab a22002055a 4500
001 - CONTROL NUMBER
control field L145355
008 - FIXED-LENGTH DATA ELEMENTS--GENERAL INFORMATION
fixed length control field 081001e20080927xxko f 000 0 eng d
035 ## - SYSTEM CONTROL NUMBER
System control number (Sirsi) u145355
041 0# - LANGUAGE CODE
Language code of text/sound track or separate title eng
100 1# - MAIN ENTRY--PERSONAL NAME
Personal name Lay, Richard
245 00 - TITLE STATEMENT
Title Lay's line on the RICS
260 ## - PUBLICATION, DISTRIBUTION, ETC.
Date of publication, distribution, etc. 2008
490 ## - SERIES STATEMENT
Series statement Estates Gazette
Volume/sequential designation (0838) 27 September 2008, 132-134(3)
520 ## - SUMMARY, ETC.
Summary, etc. In this article, the author of the Agenda for Change report addresses the effect that it has had upon the chartered surveying profession in the decade since it was published. It begins by introducing the background to the report, the consultation process and the merging of the RICS with the Incorporated Society of Valuers and Auctioneers (ISVA). Areas listed where the profession has matured since his report include increasing internationalisation; education and the organisation of specialisms, and the promotion of the profession. He also discusses the benefits of local networks and the improved abilities of the RICS in influencing government policy, particularly in the residential property market.
590 ## - LOCAL NOTE (RLIN)
Local note KA
650 24 - SUBJECT ADDED ENTRY--TOPICAL TERM
Topical term or geographic name entry element AGENDA FOR CHANGE
651 #4 - SUBJECT ADDED ENTRY--GEOGRAPHIC NAME
Geographic name United Kingdom
Chronological subdivision
690 ## - LOCAL SUBJECT ADDED ENTRY--TOPICAL TERM (OCLC, RLIN)
Topical term or geographic name as entry element ABOUT RICS
942 ## - ADDED ENTRY ELEMENTS (KOHA)
Suppress in OPAC 0
Holdings
Withdrawn status Lost status Source of classification or shelving scheme Damaged status Not for loan Home library Current library Shelving location Date acquired Total Checkouts Full call number Barcode Date last seen Copy number Price effective from Koha item type
    Dewey Decimal Classification     London London Journal article 01/10/2008   L145355 145355-1001 06/08/2019 1 06/08/2019 Journal article